| 000 | 01430cam a22003134a 4500 | ||
|---|---|---|---|
| 001 | 13450414 | ||
| 005 | 20080307142606.0 | ||
| 008 | 040106s2004 gw a b 001 0 eng | ||
| 010 | _a 2004041646 | ||
| 020 | _a3540201041 (alk. paper) | ||
| 020 | _a9783540201045 (alk. paper) | ||
| 040 |
_aDLC _cDLC _dDLC |
||
| 042 | _apcc | ||
| 050 | 0 | 0 |
_aTJ756 _b.O67 2004 |
| 082 | 0 | 0 |
_a629.2504 _222 _bOPP |
| 100 | 1 |
_aOppenheim, Antoni K. _927605 |
|
| 245 | 1 | 0 |
_aCombustion in Piston Engines : _bTechnology, Evolution, Diagnosis, and Control / _cA.K. Oppenheim. |
| 260 |
_aBerlin ; _aNew York : _bSpringer, 2004 _cc2004. |
||
| 300 |
_axi, 160 p. : _bill. ; _c24 cm. |
||
| 504 | _aIncludes bibliographical references (p. [149]-156) and index. | ||
| 650 | 0 |
_aInternal combustion engines _xCombustion. _927606 |
|
| 650 | 0 |
_aAutomobiles _xMotors _xCombustion. _927607 |
|
| 653 |
_bMec _cOctober2011 |
||
| 856 | 4 | 2 |
_3Publisher description _uhttp://www.loc.gov/catdir/enhancements/fy0817/2004041646-d.html |
| 856 | 4 | 1 |
_3Table of contents only _uhttp://www.loc.gov/catdir/enhancements/fy0817/2004041646-t.html |
| 942 |
_2ddc _cBB |
||
| 999 |
_c16160 _d16160 |
||